[Event "ISR-chT"]
[Site "Israel"]
[Date "2022.03.04"]
[Round "9.1"]
[White "Bykhovsky, Avigdor"]
[Black "Kaspi, Alexander"]
[Result "1/2-1/2"]
[WhiteElo "2390"]
[BlackElo "2427"]
[PlyCount "24"]
[EventDate "2022.01.14"]
[EventType "team-tourn"]
[EventRounds "11"]
[EventCountry "ISR"]
[SourceTitle "EXT 2023"]
[Source "ChessBase"]
[SourceDate "2022.10.05"]
[SourceVersion "1"]
[SourceVersionDate "2022.10.05"]
[SourceQuality "1"]
[WhiteTeam "Herzliya"]
[BlackTeam "Rishon Le Zion"]
[WhiteTeamCountry "ISR"]
[BlackTeamCountry "ISR"]

1. d4 d5 2. c4 e6 3. Nf3 c6 4. Nbd2 f5 5. g3 Nf6 6. Bg2 Bd6 7. b3 b6 8. Bb2 Bb7 9. e3 0-0 10. 0-0 Nbd7 11. Ng5 Qe7 12. f4 Ne4 1/2-1/2

[Event "ISR-chT"]
[Site "Israel"]
[Date "2022.02.19"]
[Round "8.6"]
[White "Bykhovsky, Avigdor"]
[Black "Gorshtein, Ido"]
[Result "1/2-1/2"]
[WhiteElo "2390"]
[BlackElo "2447"]
[PlyCount "109"]
[EventDate "2022.01.14"]
[EventType "team-tourn"]
[EventRounds "11"]
[EventCountry "ISR"]
[SourceTitle "EXT 2023"]
[Source "ChessBase"]
[SourceDate "2022.10.05"]
[SourceVersion "1"]
[SourceVersionDate "2022.10.05"]
[SourceQuality "1"]
[WhiteTeam "Herzliya"]
[BlackTeam "Kfar Saba"]
[WhiteTeamCountry "ISR"]
[BlackTeamCountry "ISR"]

1. d4 f5 2. c4 Nf6 3. g3 g6 4. Bg2 Bg7 5. Nh3 Nc6 6. 0-0 0-0 7. f4 d6 8. d5 Na5 9. Na3 c5 10. Rb1 a6 11. Nf2 Bd7 12. b3 b5 13. Bd2 Kh8 14. Qe1 Nb7 15. Nc2 Qe8 16. Bc3 a5 17. e4 fxe4 18. Ne3 a4 19. Nxe4 axb3 20. axb3 b4 21. Bb2 Nd8 22. Ra1 Nf7 23. Qe2 Nh6 24. Ng5 Nh5 25. Ne6 Rxa1 26. Rxa1 Bxe6 27. dxe6 Ng8 28. Nd5 Nhf6 29. Nxf6 Nxf6 30. g4 Qb8 31. Ra8 Qxa8 32. Bxa8 Rxa8 33. g5 Ne8 34. Qf3 Rb8 35. Bc1 Bd4+ 36. Kg2 Ng7 37. Qc6 Nf5 38. Kf3 Kg7 39. Ke4 h6 40. h4 h5 41. Qa6 Nxh4 42. Bd2 Nf5 43. Kf3 Bc3 44. Be3 h4 45. Bg1 Kh7 46. Kg4 Be1 47. Qa7 Rf8 48. Kh3 Bg3 49. Be3 Be1 50. Bc1 Bc3 51. Kg4 Kg7 52. Kh3 Re8 53. Qa4 Kf8 54. Kg4 Rd8 55. Qa5 1/2-1/2

[Event "ISR-ch op"]
[Site "Safed"]
[Date "2021.12.13"]
[Round "6"]
[White "Bykhovsky, Avigdor"]
[Black "Kraus, Ohad"]
[Result "1/2-1/2"]
[WhiteElo "2399"]
[BlackElo "2302"]
[PlyCount "91"]
[EventDate "2021.12.08"]
[EventType "swiss"]
[EventRounds "9"]
[EventCountry "ISR"]
[SourceTitle "CBM 205 Extra"]
[Source "ChessBase"]
[SourceDate "2022.01.31"]
[SourceVersion "1"]
[SourceVersionDate "2022.01.31"]
[SourceQuality "1"]

1. d4 Nf6 2. c4 g6 3. Nc3 Bg7 4. e4 d6 5. f3 0-0 6. Be3 Nc6 7. Nge2 a6 8. Qd2 Na5 9. Nc1 Nd7 10. Nb3 Nxb3 11. axb3 e5 12. d5 f5 13. Bd3 f4 14. Bf2 Nf6 15. b4 g5 16. c5 Bd7 17. Bc4 Kh8 18. h3 h5 19. Ke2 Bh6 20. Qd3 Kg7 21. b5 axb5 22. Bxb5 c6 23. Bc4 b5 24. cxb6 c5 25. b4 Rxa1 26. Rxa1 Qxb6 27. Rb1 Qa7 28. bxc5 dxc5 29. Qd1 Rc8 30. Qb3 Kg6 31. Qb6 Qa3 32. Kd3 Bf8 33. Qb2 Qa5 34. Ra1 Qc7 35. Ra6 Rb8 36. Qa3 Rb4 37. Be1 Qb8 38. Ra8 Qd6 39. Ra6 Qb8 40. Ra8 Qd6 41. Bd2 Be7 42. Qa5 g4 43. hxg4 hxg4 44. Ra6 Qb8 45. Ra8 Qd6 46. Ra6 1/2-1/2

[Event "ISR-ch op"]
[Site "Safed"]
[Date "2021.12.10"]
[Round "3"]
[White "Zemach, Nadav"]
[Black "Bykhovsky, Avigdor"]
[Result "1/2-1/2"]
[WhiteElo "2157"]
[BlackElo "2399"]
[PlyCount "61"]
[EventDate "2021.12.08"]
[EventType "swiss"]
[EventRounds "9"]
[EventCountry "ISR"]
[SourceTitle "CBM 205 Extra"]
[Source "ChessBase"]
[SourceDate "2022.01.31"]
[SourceVersion "1"]
[SourceVersionDate "2022.01.31"]
[SourceQuality "1"]

1. d4 f5 2. e4 fxe4 3. Nc3 Nf6 4. Bg5 c6 5. f3 d5 6. Qd2 exf3 7. Nxf3 e6 8. 0-0-0 Bd6 9. Bd3 Nbd7 10. Rde1 0-0 11. Rxe6 Nb6 12. Ree1 Qc7 13. Kb1 Nc4 14. Bxc4 dxc4 15. d5 Bb4 16. Bxf6 gxf6 17. Qd4 Bxc3 18. bxc3 Qb6+ 19. Qxb6 axb6 20. Re7 cxd5 21. Rhe1 Ra5 22. Nd4 Rc5 23. R1e3 Rf7 24. Re8+ Rf8 25. R8e7 Rf7 26. Re8+ Rf8 27. R3e7 Rxe8 28. Rxe8+ Kf7 29. Rh8 Kg6 30. Kc1 Bd7 31. Rg8+ 1/2-1/2

[Event "ISR-chT"]
[Site "Israel"]
[Date "2021.05.01"]
[Round "4.1"]
[White "Mindlin, Alon"]
[Black "Bykhovsky, Avigdor"]
[Result "0-1"]
[WhiteElo "2425"]
[BlackElo "2403"]
[PlyCount "76"]
[EventDate "2021.04.22"]
[EventType "team-tourn"]
[EventRounds "11"]
[EventCountry "ISR"]
[SourceTitle "EXT 2022"]
[Source "ChessBase"]
[SourceDate "2021.10.06"]
[SourceVersion "1"]
[SourceVersionDate "2021.10.06"]
[SourceQuality "1"]
[WhiteTeam "Kfar Saba Hapoel II"]
[BlackTeam "Petah Tikva Elitzur Dov"]
[WhiteTeamCountry "ISR"]
[BlackTeamCountry "ISR"]

1. d4 d5 2. c4 dxc4 3. Nf3 Nf6 4. e3 a6 5. a4 e6 6. Bxc4 b6 7. 0-0 Bb7 8. Qe2 Nbd7 9. Nc3 Bb4 10. Bd3 Qe7 11. e4 e5 12. d5 h6 13. Bd2 g6 14. Ne1 Kf8 15. Nc2 Bd6 16. Ne3 Kg7 17. Nc4 Bc5 18. Kh1 Nh5 19. g3 Rhe8 20. Rae1 Bd4 21. Nd1 Nhf6 22. b4 c6 23. d6 Qe6 24. Nde3 b5 25. Na5 Rab8 26. f4 Qxd6 27. f5 Ba8 28. fxg6 fxg6 29. Ng4 Nxg4 30. Qxg4 Nf6 31. Qh3 Rh8 32. Nb3 Bb6 33. a5 Ba7 34. Bc3 Rhe8 35. Rd1 c5 36. Nxc5 Bxc5 37. bxc5 Qxc5 38. Rc1 Nxe4 0-1

[Event "C'Chartres Blitz op April"]
[Site "Europe Echecs INT"]
[Date "2021.04.10"]
[Round "7"]
[White "Bykhovsky, Avigdor"]
[Black "Mitrabha, Guha"]
[Result "1-0"]
[WhiteElo "2398"]
[BlackElo "2467"]
[PlyCount "125"]
[EventDate "2021.04.10"]
[EventType "swiss (blitz)"]
[EventRounds "11"]
[EventCountry "FRA"]
[SourceTitle "CBM 201 Extra"]
[Source "ChessBase"]
[SourceDate "2021.05.31"]
[SourceVersion "1"]
[SourceVersionDate "2021.05.31"]
[SourceQuality "1"]

1. d4 Nf6 2. c4 c5 3. d5 b5 4. cxb5 a6 5. bxa6 Bxa6 6. Nc3 g6 7. g3 Bg7 8. Bg2 0-0 9. Nf3 d6 10. 0-0 Nbd7 11. Ne1 Qa5 12. Nc2 Rfb8 13. Ne3 Ne5 14. Qc2 Nc4 15. Nxc4 Bxc4 16. Bd2 Qa6 17. Rfe1 Ng4 18. h3 Ne5 19. f4 Nd7 20. Kh2 Qb7 21. b3 Ba6 22. Rab1 Qa7 23. e4 Bc8 24. a4 Ba6 25. Nd1 Qc7 26. Ne3 Bd4 27. Bc3 Bxc3 28. Qxc3 Rb7 29. Ng4 f6 30. e5 Rf8 31. exd6 exd6 32. Re7 Qd8 33. Rbe1 Ne5 34. Nh6+ Kh8 35. Rxb7 Bxb7 36. fxe5 fxe5 37. Ng4 h5 38. Nxe5 dxe5 39. Qxe5+ Kg8 40. Qe6+ Kg7 41. Qe7+ Qxe7 42. Rxe7+ Rf7 43. Rxf7+ Kxf7 44. Kg1 Kf6 45. Kf2 Ke5 46. d6 Bc8 47. Ke3 Kxd6 48. Kf4 Be6 49. a5 Kc7 50. Kg5 Bxb3 51. Kxg6 Bd1 52. Bd5 Be2 53. Kg5 c4 54. Bxc4 Bxc4 55. Kxh5 Kd6 56. Kg6 Bd3+ 57. Kg7 Ke5 58. h4 Be2 59. g4 Bxg4 60. a6 Kd6 61. a7 Bf3 62. h5 Kc7 63. h6 1-0

[Event "PNWCC Online Blitz JP 22"]
[Site "Chess.com INT"]
[Date "2021.03.21"]
[Round "1"]
[White "Bykhovsky, Avigdor"]
[Black "Indjic, Aleksandar"]
[Result "0-1"]
[WhiteElo "2398"]
[BlackElo "2607"]
[PlyCount "94"]
[EventDate "2021.03.21"]
[EventType "swiss (blitz)"]
[EventRounds "12"]
[EventCountry "USA"]
[SourceTitle "CBM 201 Extra"]
[Source "ChessBase"]
[SourceDate "2021.05.31"]
[SourceVersion "1"]
[SourceVersionDate "2021.05.31"]
[SourceQuality "1"]

1. Nf3 d5 2. d4 Bf5 3. Bf4 e6 4. e3 Bd6 5. Bxd6 Qxd6 6. c3 Nf6 7. Bd3 0-0 8. 0-0 Nbd7 9. Bxf5 exf5 10. Nbd2 c6 11. c4 g6 12. Qb3 Rab8 13. Rac1 Kg7 14. cxd5 Nxd5 15. Nc4 Qe6 16. Nce5 Nxe5 17. Nxe5 Rfe8 18. Rc2 h5 19. Nd3 h4 20. h3 Re7 21. Nc5 Qf6 22. Qa3 a6 23. Nd3 f4 24. Nxf4 Nxf4 25. exf4 Rd7 26. Rc4 Qxf4 27. Qc3 Rd5 28. Rb4 a5 29. Rc4 Rbd8 30. Rd1 Qf6 31. a4 R8d7 32. Kf1 g5 33. Rd3 Rf5 34. Rd2 Rfd5 35. Rd3 Qg6 36. Rd1 Qd6 37. Rd3 Qh2 38. Rc5 Qh1+ 39. Ke2 Qxg2 40. Rxd5 Rxd5 41. Re3 Rf5 42. Qe1 Qd5 43. Qb1 Rf4 44. Re5 Qc4+ 45. Ke1 Qxd4 46. Rxg5+ Kf6 47. Rh5 Qxf2+ 0-1

[Event "PNWCC Online Blitz JP 22"]
[Site "Chess.com INT"]
[Date "2021.03.21"]
[Round "3"]
[White "Bykhovsky, Avigdor"]
[Black "Rychagov, Andrey"]
[Result "0-1"]
[WhiteElo "2398"]
[BlackElo "2545"]
[PlyCount "84"]
[EventDate "2021.03.21"]
[EventType "swiss (blitz)"]
[EventRounds "12"]
[EventCountry "USA"]
[SourceTitle "CBM 201 Extra"]
[Source "ChessBase"]
[SourceDate "2021.05.31"]
[SourceVersion "1"]
[SourceVersionDate "2021.05.31"]
[SourceQuality "1"]

1. d4 f5 2. c4 Nf6 3. g3 g6 4. Bg2 Bg7 5. Nh3 0-0 6. Nc3 d6 7. d5 c6 8. Nf4 e5 9. dxe6 Qe7 10. 0-0 Bxe6 11. Qd3 Na6 12. b3 Nc5 13. Qd2 Nfe4 14. Nxe4 Nxe4 15. Bxe4 Bxa1 16. Bg2 Be5 17. Nd3 Bg7 18. Ba3 Rad8 19. Rd1 Rd7 20. h4 Rfd8 21. Nf4 Bf7 22. e3 Qe5 23. Rc1 h6 24. Bb4 g5 25. Bc3 Qe7 26. Bxg7 Kxg7 27. hxg5 hxg5 28. Ne2 Qf6 29. Nd4 c5 30. Nb5 d5 31. cxd5 Bxd5 32. Bxd5 Rxd5 33. Qc2 a6 34. Nc7 Re5 35. Qc3 Rd7 36. f4 gxf4 37. gxf4 Ree7 38. Qxf6+ Kxf6 39. Na8 Rxe3 40. Nb6 Rd4 41. Nc4 Re2 42. Rf1 Rxa2 0-1

[Event "PNWCC Online Blitz JP 22"]
[Site "Chess.com INT"]
[Date "2021.03.21"]
[Round "6"]
[White "Bykhovsky, Avigdor"]
[Black "Vantika, Agrawal"]
[Result "1/2-1/2"]
[WhiteElo "2398"]
[BlackElo "2286"]
[PlyCount "112"]
[EventDate "2021.03.21"]
[EventType "swiss (blitz)"]
[EventRounds "12"]
[EventCountry "USA"]
[SourceTitle "CBM 201 Extra"]
[Source "ChessBase"]
[SourceDate "2021.05.31"]
[SourceVersion "1"]
[SourceVersionDate "2021.05.31"]
[SourceQuality "1"]

1. d4 Nf6 2. c4 g6 3. f3 Bg7 4. e4 d6 5. Nc3 0-0 6. Be3 Nbd7 7. Nge2 a6 8. Ng3 c5 9. d5 h5 10. Be2 h4 11. Nf1 h3 12. g4 b5 13. cxb5 Qa5 14. Qd2 Ne5 15. g5 Ne8 16. f4 Ng4 17. Nd1 Qb6 18. bxa6 Nxe3 19. Nfxe3 Bxa6 20. 0-0 Nc7 21. Kf2 Bxe2 22. Qxe2 Nb5 23. Kg3 Nd4 24. Qd3 Rfc8 25. Nc4 Qa6 26. Nde3 Rcb8 27. Kxh3 Rb4 28. Kg3 Ra4 29. a3 Rb8 30. Rac1 Rb3 31. Rc3 Rxc3 32. bxc3 Nb5 33. Rb1 Nxa3 34. Rb8+ Bf8 35. e5 Nxc4 36. e6 Nxe3 37. exf7+ Kxf7 38. Qxe3 Qc4 39. h4 Ra3 40. Qe6+ Kg7 41. h5 Rxc3+ 42. Kg4 gxh5+ 43. Kxh5 Rh3+ 44. Qxh3 Qxf4 45. Qe6 Qh2+ 46. Kg4 Qg2+ 47. Kf4 Qf2+ 48. Ke4 Qe2+ 49. Kf4 Qf2+ 50. Kg4 Qg2+ 51. Kh4 Qh2+ 52. Qh3 Qf4+ 53. Kh5 Qf7+ 54. Kh4 Qf4+ 55. Qg4 Qh2+ 56. Qh3 Qf4+ 1/2-1/2

[Event "PNWCC Online Blitz JP 22"]
[Site "Chess.com INT"]
[Date "2021.03.21"]
[Round "4"]
[White "Leiva Rodriguez, Jeammarco Giuseppe"]
[Black "Bykhovsky, Avigdor"]
[Result "0-1"]
[WhiteElo "2391"]
[BlackElo "2398"]
[PlyCount "64"]
[EventDate "2021.03.21"]
[EventType "swiss (blitz)"]
[EventRounds "12"]
[EventCountry "USA"]
[SourceTitle "CBM 201 Extra"]
[Source "ChessBase"]
[SourceDate "2021.05.31"]
[SourceVersion "1"]
[SourceVersionDate "2021.05.31"]
[SourceQuality "1"]

1. Nf3 d5 2. d4 c6 3. c4 Nf6 4. e3 Bf5 5. Nc3 e6 6. Nh4 Be4 7. f3 Bg6 8. Qb3 Qb6 9. Nxg6 hxg6 10. g3 Nbd7 11. Bd2 Qxb3 12. axb3 a6 13. 0-0-0 Bd6 14. Bg2 0-0-0 15. Be1 Kb8 16. Bf2 g5 17. h3 Bc7 18. g4 Nf8 19. e4 Ng6 20. e5 Nd7 21. Be3 f6 22. Bf1 fxe5 23. Bxg5 Rdf8 24. Be2 exd4 25. Rxd4 Bf4+ 26. Bxf4+ Nxf4 27. cxd5 exd5 28. Bd1 Nxh3 29. b4 g5 30. Rf1 Nf4 31. Rd2 Ne5 32. Bc2 Rh3 0-1